Every Character In Percy Jackson And The Olympians By Letter-E - Statistics

General Stats
  • This quiz has been taken 5 times
  • The average score is 2 of 8
Answer Stats
Times Mentioned Answer % Correct
92 Ethan Nakamura
80%
11 Echidna
60%
5 Eddie(Supe)
40%
5 Eddie(Truck Driver)
40%
51 Eurytion
20%
1 Einstein
0%
1 Elpis
0%
2 Europa
0%
No matching quizzes found
Score Distribution
Percent of People with Each Score
Percentile by Number Answered
Your Score History
You have not taken this quiz